Представление документа в формате MARC21

Поле Инд. ПП Название Значение
Тип записи a
Библиографический уровень m
001 Контрольный номер DU/632399450
005 Дата корректировки 20250404113603.6
008 Кодируемые данные 19971126
040 00 e Правила каталог. Л 971126
084 a Индекс другой классификации/Индекс ББК 84(4Вел)52-44
090 00 a Полочн. индекс 84(4Вел)52-44
x Авторский знак Т 305
097 00 a 230
100 10 a Автор Теккерей У. М.
q Полное имя Теккерей Уильям Мейкпис
245 00 a Заглавие Ярмарка тщеславия
b Продолж. заглавия роман без героя
c Ответственность перевод с английского М. Дьяконова под редакцией М. Лорие; вступительная статья Е. Клименко; оформление серии Д. Бисти
260 00 a Место издания Москва
b Издательство Художественная литература
c Дата издания 1968
300 00 a Объем 815 с.
b Иллюстрации/ тип воспроизводства ил.
336 a Термин вида содержания Текст
337 a Термин типа средства непосредственный
440 _0 a Серия Библиотека всемирной литературы
n Номер части Серия вторая
p Название части Литература XIX века
v N тома Т.112
504 a Библиография Примеч.: с. 791
650 04 a Основная рубрика художественная литература
653 00 a Ключевые слова XIX век
a Ключевые слова английская литература
a Ключевые слова Великобритания
655 00 a Жанр/ форма (устаревшее) проза
a Жанр/ форма (устаревшее) роман
700 10 a Автор Клименко Е.
e Роль лиц автор предисловия
700 10 a Автор Лорие М.
e Роль лиц редактор
700 10 a Автор Дьяконов М.
e Роль лиц переводчик
700 1_ a Автор Бисти Д.
e Роль лиц оформитель серии
787 18 w Контрольный номер связываемой записи RU/IS/BASE/264546355
w Контрольный номер связываемой записи RU/IS/BASE/264546356
901 t Тип документа m
952 a Тип литературы для КСУ ВШ ЛХИ